000 00511nam a22001937a 4500
005 20251108164224.0
008 250721s9999 xx 000 0 ara d
082 1 4 _a617.8/فؤا
100 1 _aالبدري، فؤاد
245 1 0 _aأسرار الصمم و عيوب الكلام /
264 1 _aالقاهرة :
_c[19-].
300 _a157ص
490 0 _aكتاب الطب اليومي
650 1 7 _aالصمم
650 1 7 _aالأذن
650 1 7 _aالأمراض
942 _2ddc
_cBK
999 _c6734
_d6734